Sports Quiz

Random Sports Quiz
Score 0/16 Timer 03:00
0 Plays Today
Hint Answer % Correct
Number - 13Boris Diaw
95.2%
Number - 10Evan Fournier
81%
Number - 1Kevin Seraphin
71.4%
-Coach-Vincent Collet
71.4%
Number - 91Edwid Jackson
66.7%
Number - 6Antoine Diot
61.9%
Number - 4Thomas Heurtel
61.9%
Number - 12Nando De Colo
61.9%
Hint Answer % Correct
Number - 7Joffrey Lauvergne
52.4%
Number - 15Leo Westermann
52.4%
Number - 17Vincent Poirier
42.9%
Number - 33Axel Toupane
38.1%
-Assistant-Laurent Foirest
19%
-Assistant-Pascal Donnadieu
19%
-Assistant-Ruddy Nelhomme
14.3%
Number - 25Louis Lebayrie
0%
Remove Ads.
Support Sporcle.
Get the best of Sporcle when you Go Orange. This ad-free experience offers more features, more stats, and more fun while also helping to support Sporcle. Thank you for becoming a member.

You're not logged in!

Compare scores with friends on all Sporcle quizzes.
OR
Log In

Show Comments

Extras

Created Sep 5, 2017ReportNominate
Tags:Extra, France, Squad

Top Quizzes Today


Score Distribution

Your Account Isn't Verified!

In order to create a playlist on Sporcle, you need to verify the email address you used during registration. Go to your Sporcle Settings to finish the process.

Report this User

Report this user for behavior that violates our Community Guidelines.

Details: